Click the Wars in Chronological Order - Statistics

General Stats
  • This quiz has been taken 3,740 times
    3,739 since last reset
  • The average score is 17 of 26
Answer Stats
Hint Answer % Correct
1914 - 1918 World War I
85%
1939 - 1945 World War II
85%
2001 - 2021 War in Afghanistan
80%
1950 - 1953 Korean War
78%
1955 - 1975 Vietnam War
78%
1861 - 1865 American Civil War
77%
2014 - present Russo-Ukrainian War
77%
1775 - 1783 American Revolutionary War
72%
1066 Battle of Hastings
71%
264 - 241 BC First Punic War
70%
1803 - 1815 Napoleonic Wars
70%
1990 - 1991 Gulf War
68%
1337 - 1453 Hundred Years' War
68%
1096 - 1099 First Crusade
67%
1194 - 1184 BC* Trojan War
67%
1982 Falklands War
66%
431 - 404 BC Peloponnesian War
64%
1642 - 1651 English Civil War
61%
1948 - 1949 First Arab-Israeli War
55%
1754 - 1763 Seven Years' War
54%
1853 - 1856 Crimean War
53%
1899 - 1902 Second Boer War
51%
1912 - 1913 First Balkan War
48%
1932 Great Emu War
44%
1325 War of the Bucket
40%
526 - 532 Iberian War
35%
No matching quizzes found
Score Distribution
Percent of People with Each Score
Percentile by Number Answered
Your Score History
You have not taken this quiz since the last reset